000 00225nam a22000857a 4500
008 160706b xxu||||| |||| 00| 0 eng d
100 _92379
_a Agarwal, N.S
245 _aIndia Youth and Integration
260 _aNew Delhi
_bAurobindo
999 _c2056
_d2056